| 000 | 01279cam a2200301 i 4500 | ||
|---|---|---|---|
| 001 | 7550 | ||
| 003 | BD-RjUL | ||
| 005 | 20211208234433.0 | ||
| 008 | 140115s1974 enka j 000 1 eng d | ||
| 020 | _a0584623992 : | ||
| 035 | _a(BD-RjUL)7594 | ||
| 040 |
_aDLC _cDLC _dDLC _d(BD-RjUL) _beng |
||
| 041 | 1 | _aengger | |
| 082 | 0 | 0 |
_a833.8 _bVOR |
| 100 | 1 |
_aVolkmann, Richard von, _d1830-1889. _923555 |
|
| 245 | 1 | 4 |
_aThe rusty knight, and other tales from Germany / _c[by] Richard Volkmann-Leander ; retold [i.e. translated] by Susanne Flatauer ; illustrated by John Spencer. |
| 260 |
_aLondon : _bMuller, _c1974. |
||
| 300 |
_a109 p. : _bill. ; _c23 cm. |
||
| 500 | _aTwelve tales taken from Träumereien an französischen Kaminen. | ||
| 505 | 0 | _aThe invisible kingdom.--The devil and the holy water.--The rusty knight.--The little bird.--Hearts of glass.--The wishing ring.--The enchanted prince.--The magic beech tree.--The gingernuts and the Jew's harp.--The old wives' mill.--Unlucky John and the Princess Merry.--Heaven and hell. | |
| 650 | 0 |
_aFairy tales _zGermany. _923556 |
|
| 650 | 0 |
_aTales _zGermany. _919470 |
|
| 700 | 1 |
_aFlatauer, Susanne. _923557 |
|
| 700 | 1 |
_aSpencer, John, _eill. _923558 |
|
| 942 |
_2ddc _cBK |
||
| 999 |
_c7550 _d7550 |
||